L' activité philosophique contemporaine en France et aux états-unis
Spremljeno u:
| Glavni autor: | |
|---|---|
| Format: | Knjiga |
| Jezik: | francuski |
| Izdano: |
París
Universitaires de France
1950
|
| Serija: | Bibliothèque de Philosophie Contemporaine. Histoire de la Philosophie et Philosophie Générale
|
| Teme: | |
| Oznake: |
Dodaj oznaku
Bez oznaka, Budi prvi tko označuje ovaj zapis!
|
MARC
| LEADER | 00000nam a2200000 a 4500 | ||
|---|---|---|---|
| 001 | UCZ3813 | ||
| 003 | CL-VaPUC | ||
| 008 | 951027e19500000FR |||||||||||||||||fre|d | ||
| 082 | 0 | 4 | |a 190 |b FAR |2 21 |
| 100 | 0 | |a Farber, Marvin |e author |9 347650 | |
| 245 | 1 | 3 | |a L' activité philosophique contemporaine en France et aux états-unis |
| 300 | |a v | ||
| 942 | |c BK | ||
| 945 | |d 19951027 00:00:00 |a cmena | ||
| 260 | |a París |b Universitaires de France |c 1950 | ||
| 500 | |a v.1: La philosophie américaine | ||
| 500 | |a v.2: La philosophie francaise | ||
| 650 | 0 | |a Filosofía francesa |9 255698 | |
| 650 | 7 | |a FILOSOFIA ESTADOUNIDENSE |2 CL-VaPUC |9 269420 | |
| 650 | 0 | |a Filosofía contemporánea |9 265372 | |
| 650 | 0 | |a Escuelas filosóficas |9 266232 | |
| 583 | |a last modification |c 19951027 00:00:00 |k Rodrigo Vera | ||
| 490 | 0 | |a Bibliothèque de Philosophie Contemporaine. Histoire de la Philosophie et Philosophie Générale | |
| 999 | |c 240260 |d 240258 | ||
| 952 | |0 0 |1 0 |4 0 |6 190_000000000000000_FAR_1950 |7 0 |8 P |9 252027 |a BIBEDU |b BIBEDU |c BIBEDU_PB |d 2019-11-18 |h v.1 |i 1590626 |o 190 FAR 1950 |p 1590626 |r 2024-01-25 |w 2019-11-18 |y BK |k FIL | ||
| 952 | |0 0 |1 0 |4 0 |6 190_000000000000000_FAR_1950 |7 0 |8 P |9 252028 |a BIBEDU |b BIBEDU |c BIBEDU_PB |d 2019-11-18 |h v.2 |i 1590634 |o 190 FAR 1950 |p 1590634 |r 2024-01-25 |w 2019-11-18 |y BK |k FIL | ||